Update on the Fiscal Transparency Initiative.

This paper provides an update on staff's work on a new Fiscal Transparency Code (FTC) and experiences with the initial pilot Fiscal Transparency Evaluations (FTE), the ground work for which was laid in a 2012 paper 'Fiscal Transparency, Accountability, and Risk.' Both are part of ongo...

Fuld beskrivelse

Bibliografiske detaljer
Institution som forfatter: International Monetary Fund
Format: Tidsskrift
Sprog:English
Udgivet: Washington, D.C. : International Monetary Fund, 2014.
Serier:Policy Papers; Policy Paper ; No. 2014/032
Online adgang:Full text available on IMF
LEADER 01618cas a2200241 a 4500
001 AALejournalIMF020352
008 230101c9999 xx r poo 0 0eng d
020 |c 5.00 USD 
020 |z 9781498343213 
022 |a 2663-3493 
040 |a BD-DhAAL  |c BD-DhAAL 
110 2 |a International Monetary Fund. 
245 1 0 |a Update on the Fiscal Transparency Initiative. 
264 1 |a Washington, D.C. :  |b International Monetary Fund,  |c 2014. 
300 |a 1 online resource (32 pages) 
490 1 |a Policy Papers 
500 |a <strong>Off-Campus Access:</strong> No User ID or Password Required 
500 |a <strong>On-Campus Access:</strong> No User ID or Password Required 
506 |a Electronic access restricted to authorized BRAC University faculty, staff and students 
520 3 |a This paper provides an update on staff's work on a new Fiscal Transparency Code (FTC) and experiences with the initial pilot Fiscal Transparency Evaluations (FTE), the ground work for which was laid in a 2012 paper 'Fiscal Transparency, Accountability, and Risk.' Both are part of ongoing efforts by the Fiscal Affairs Department, in cooperation with other departments, to strengthen the Fund's fiscal surveillance and capacity building. The new FTC and FTE reflect the lessons of the recent crisis, incorporate developments in international standards, and build on feedback from consultations with stakeholders. 
538 |a Mode of access: Internet 
830 0 |a Policy Papers; Policy Paper ;  |v No. 2014/032 
856 4 0 |z Full text available on IMF  |u http://elibrary.imf.org/view/journals/007/2014/032/007.2014.issue-032-en.xml  |z IMF e-Library